Global financial stability report <the> quest for lasting stability

Guardado en:
Detalles Bibliográficos
Formato: Libro
Lenguaje:inglés
Publicado: Washington, D.C. International Monetary Fund 2012
Colección:World economic and financial surveys
Materias:
Etiquetas: Agregar Etiqueta
Sin Etiquetas, Sea el primero en etiquetar este registro!

MARC

LEADER 00000nam a2200000 4500
001 0155330
005 20240315115325.8
020 |a 978-1-61635-247-9 
022 |a 1729-701X 
041 0 |a eng 
044 |a US 
245 1 0 |a Global financial stability report  |b <the> quest for lasting stability 
264 1 |a Washington, D.C.  |b International Monetary Fund  |c 2012 
300 |a 165 s. 
490 1 |a World economic and financial surveys 
830 0 |a World economic and financial surveys 
610 2 0 |a stabilita finančná 
610 2 0 |a financie medzinárodné 
610 2 0 |a trh kapitálový 
610 2 0 |a krajiny rozvojové 
610 2 0 |a stabilita hospodárstva 
610 2 0 |a banky 
610 2 0 |a zadlženosť 
610 2 0 |a financie 
610 2 0 |a kríza